| 000 | 00567nam a2200193 a 4500 | ||
|---|---|---|---|
| 001 | 385 | ||
| 003 | CDMR | ||
| 005 | 20131202165626.0 | ||
| 008 | 130130s1970||||||||||||||||||||||||||||d | ||
| 040 |
_aCDMR _bcat _cCDMR |
||
| 100 | 1 |
_aFord, Charles _9265 |
|
| 245 | 1 | 0 |
_aCamera et "mass media" _b: la civilisation à l'àge des deux écrans _cCharles Ford |
| 260 |
_aParis _c1970 _bMame |
||
| 300 | _a157 p. | ||
| 650 | 0 | 4 |
_9688 _aCinematografia _xAspectes socials |
| 650 | 0 | 4 |
_93479 _aCinematografia i televisió |
| 650 | 0 | 4 |
_94423 _aTecnologia i civilització |
| 942 |
_cMON _2udc |
||
| 999 |
_c385 _d385 |
||